| 000 | 00766nam a2200205 a 4500 | ||
|---|---|---|---|
| 003 | 0 | ||
| 005 | 20250429122348.0 | ||
| 008 | 050808s19uu xx 00 eng d | ||
| 050 |
_aPHS HF 5415.32 _b.D45 2005 |
||
| 100 | _aDe Jesus, Riza Joy R. | ||
| 245 |
_aEffects of the business subjects on the buying habits of upper school students / _cRiza Joy R. De Jesus. |
||
| 260 |
_aLas PiƱas City, Philippines : _bSouthville International School and Colleges, _c2005. |
||
| 300 |
_a37 pages : _billustrations ; _c28 cm. |
||
| 504 | _aIncludes bibliographical references. | ||
| 650 |
_aConsumer behavior _xJuvenile literature. |
||
| 650 |
_aHigh school students _xEconomic conditions. |
||
| 650 |
_aTeenagers _xConsumer behavior. |
||
| 942 |
_2lcc _cPASS |
||
| 999 |
_c97213 _d97213 |
||